000 00909nam a22002297a 4500
005 20200104041630.0
008 141127b2009 ck ||||| |||| 00| 0 spa d
020 _a9789589878033
040 _cCO-BoIH
041 _aspa
044 _ack
090 _aEA
_b00170
110 1 _aColombia
_bCorporación Autónoma Regional de Cundinamarca-CAR
_929278
245 _aProyectos Ambientales Escolares Experiencias significativas en la jurisdicción CAR :
_bA través de los PRAES se construye cultura ambiental en el territorio CAR
260 _aBogotá D.C :
_bCorporación Autónoma Regional de Cundinamarca-CAR,
_bAsociación Ambiental Nueva Era-ASOAN,
_c2009
300 _a72 pag.
_bFot.
_c26 cm.
650 4 _aEducación Ambiental
_9162
650 4 _aMedio Ambiente
_929280
650 6 _aElaboración de Proyectos
_xMetodología
_929281
650 _aProtección del Medio Ambiente
_9271
942 _2z
_cLIBRO
999 _c8838
_d8838